Gesamtwirtschaftliche und unternehmerische Anpassungsprozesse in Ostdeutschland Sechster Bericht

Salvato in:
Dettagli Bibliografici
Natura: Libro
Lingua:tedesco
Pubblicazione: Kiel Institut für Weltwirtschaft 1992
Edizione:1. Aufl.
Serie:Kieler Diskussionsbeiträge 190/191
Soggetti:
Tags: Aggiungi Tag
Nessun Tag, puoi essere il primo ad aggiungerne!!

MARC

LEADER 00000nam a2200000 4500
001 c005314
005 20221214085635.2
020 |a 3-89456-029-0 
041 0 |a ger 
044 |a DE 
245 1 0 |a Gesamtwirtschaftliche und unternehmerische Anpassungsprozesse in Ostdeutschland  |b Sechster Bericht 
250 |a 1. Aufl. 
264 1 |a Kiel  |b Institut für Weltwirtschaft  |c 1992 
300 |a 62 s. 
490 1 |a Kieler Diskussionsbeiträge  |v 190/191 
830 0 |a Kieler Diskussionsbeiträge  |v 190/191 
610 2 0 |a východné Nemecko 
610 2 0 |a situácia hospodárska 
610 2 0 |a priemysel 
610 2 0 |a podnik 
610 2 0 |a konkurencia 
610 2 0 |a stavebníctvo 
610 2 0 |a služby 
610 2 0 |a obchod 
610 2 0 |a pohostinstvo 
610 2 0 |a remeslá 
610 2 0 |a doprava 
610 2 0 |a politika priemyselná 
610 2 0 |a investície